000 00450nam a2200181Ia 4500
008 230524s9999 xx 000 0 und d
020 _a9789350142004
082 _bGUP
100 _aJ.B.Gupta
245 0 _aElements of Electric Drives
250 _a1
260 _aNew Delhi
_bKatson
_c2011
300 _a"IX,303p;"
500 _aQuantity Number: 1
650 _aElectrical
700 _a"Rajeev Manglik, Rohit Manglik"
_941956
942 _cBK
999 _c56372
_d56372